Loading...
Conformal mapping on riemann surfaces
| Main Author: | |
|---|---|
| Format: | Printed Book |
| Published: |
Dover Publcations, New York
1967
|
| Subjects: |
| LEADER | 00508nam a2200169 4500 | ||
|---|---|---|---|
| 082 | |a 515.9 COH-C | ||
| 100 | |a Cohn, Harvey | ||
| 245 | |a Conformal mapping on riemann surfaces |c Harvey Cohn | ||
| 250 | |||
| 260 | |a Dover Publcations, New York |c 1967 | ||
| 300 | |||
| 490 | |||
| 650 | |a Functions of complex variables-- Analysis-- Mathematics | ||
| 700 | |||
| 942 | |c BK | ||
| 999 | |c 201923 |d 201923 | ||
| 952 | |0 0 |1 0 |4 0 |6 515_900000000000000_COHC |7 0 |9 215272 |a MAT |b MAT |l 0 |o 515.9 COH-C |p MAT3032 |r 2019-11-01 |w 2019-11-01 |y BK | ||